00659cam a2200217 a 4500020003900000020003600039020003800075020003500113040000800148082002600156100002400182245005900206260005500265300004000320650001300360650001300373650001300386650001300399650001300412650001600425 a9780520250765 (cloth : alk. paper) a0520250761 (cloth : alk. paper) a9780520250789 (pbk. : alk. paper) a0520250788 (pbk. : alk. paper) cDLC00a305 UNI 2007 C154 Or.1 aChaturvedi, Vinayak10aPeasant pasts :bhistory and memory in western India / aBerkeley :bUniversity of California Press,cc2007 axvii, 307 p. :bill., maps ;c24 cm 0aDharalas 0aDharalas 0aDharalas 0aDharalas 0aDharalas 0aNationalism